Trigonometric series (Record no. 130206)

MARC details
000 -LEADER
campo de control de longitud fija 00525nam a2200181 i 4500
001 - NÚMERO DE CONTROL
campo de control 130206
003 - IDENTIFICADOR DE NÚMERO DE CONTROL
campo de control ES-MaACL
005 - FECHA Y HORA DE LA ÚLTIMA TRANSACCIÓN
campo de control 20250724074948.0
007 - CAMPO FIJO DE DESCRIPCIÓN FÍSICA--INFORMACIÓN GENERAL
campo de control de longitud fija t|
008 - DATOS DE LONGITUD FIJA--INFORMACIÓN GENERAL
campo de control de longitud fija 070723s1968 xxk ||||1| eng d
100 1# - ENTRADA PRINCIPAL--NOMBRE DE PERSONA
Nombre de persona Zygmund, A.
9 (RLIN) 118569
245 10 - MENCIÓN DEL TÍTULO
Título Trigonometric series
Resto del título : (volumes I and II) /
Mención de responsabilidad, etc. A. Zygmund.
260 ## - PUBLICACIÓN, DISTRIBUCIÓN, ETC.
Lugar de publicación, distribución, etc. Cambridge :
Nombre del editor, distribuidor, etc. University Press,
Fecha de publicación, distribución, etc. 1968.
300 ## - DESCRIPCIÓN FÍSICA
Extensión 2 tom. en 1 vol. ;
Dimensiones 27 cm.
650 #7 - PUNTO DE ACCESO ADICIONAL DE MATERIA--TÉRMINO DE MATERIA
Término de materia o nombre geográfico como elemento de entrada Trigonometría
Fuente del encabezamiento o término embne
9 (RLIN) 17647
852 ## - LOCALIZACIÓN
Ubicación ES-MaACL
Número de control de estantería E-5747
Sublocalización o colección R.89680
Holdings
Estatus retirado Estado de pérdida Estado de daño No para préstamo Biblioteca de origen Biblioteca actual Ubicación en estantería Fecha de adquisición Fuente de adquisición Total de préstamos Signatura topográfica completa Código de barras Visto por última vez Precio de reemplazo Tipo de ítem Koha
        Biblioteca del Ateneo de Madrid Biblioteca del Ateneo de Madrid Depósito 2 17/01/2008     E-5747 1135575 23/02/2023 23/02/2023 Libro impreso